000 01004nam2a2200253 4500
001 RU\NLR\bibl\1227188
005 20250615113114.0
010 _a978-5-275-01671-0
_bт. 5
021 _aRU
_b2008-22080
_91209
035 _a(NLR Aleph) 001213490
090 _a93091
_c93091
100 _a20080515d2008 |||y0rusy50 ca
101 1 _arus
_cger
102 _aRU
105 _ay |||||||||
200 1 _aВозлюби ближнего своего
_eроман
_f[пер. И. Шнайбера]
210 _d2008
_aБ. м.
215 _a380, [2] с.
461 0 _1001RU\NLR\bibl\1237509
_12001#$aСобрание сочинений$vТ. 5
_9154726
_aРемарк, Э. М. (1898-1970)
_cМосква
_d2008
_fЭрих Мария Ремарк
_nТерра Книжный клуб
_oв 8 т. : [перевод с немецкого]
_tСобрание сочинений
_y978-5-275-01666-6
_vТ. 5
801 0 _aRU
_bNLR
_c20080515
_gRCR
801 1 _aRU
_bNLR
_c20080515
942 _cBOOK
980 _aNB